Statistiques concernant Juin

Cliquez ici pour prendre le quiz!

Statistiques générales

  • Ce quiz a été pris 60 fois
  • Le résultat moyen est 5 sur 8

Statistiques - réponses

QuestionsRéponses% Correct
Il y a __ jours dans le mois de juin30
100%
Dans les calendriers grégoriens et julien juin est le ______ mois de l’année.Sixième
98%
Le 21 juin débute l’___.Été
95%
Le ______ est la couleur du mois de juinRouge
75%
Le nom du mois de juin provient soit, d’après Ovide du nom de la déesse romaine ______, la reine des dieux et protectrice du mariage et de la fécondité, soit du fondateur légendaire de la République Romaine Lucius Junius Brutus.Junon
57%
La ____ est la fleur associée au mois de juin.Rose
55%
Le dicton du mois de juin est « Beau mois de juin, change l’herbe en beau ____. ».Foin
27%
La ______ est la pierre associée au mois de juin.Perle
16%

Distribution des résultats

Percentile par nombre de réponses

% des personnes avec chaque résultat

Votre développement - résultats

Vous n’avez pas pris ce quiz